| 000 | 01039nam a2200301Ia 4500 | ||
|---|---|---|---|
| 001 | Para_9671 | ||
| 003 | CHAP | ||
| 008 | 220125s9999 xx 000 0 und d | ||
| 010 | _a208347 | ||
| 040 | _cCHAP | ||
| 090 | _aPA TESIS 2292 | ||
| 100 |
_aReyes Villasana, Jesús _997014 |
||
| 245 |
_aTolerancia a herbicidas inhibidores de la acetil coenzima a carboxilasa en Festuca rubra L. estimada en Chapingo, Edo. México / _c Jesús Reyes Villasana. |
||
| 260 |
_aChapingo, Méx. : _b el autor, 2009 |
||
| 300 | _a34 h. | ||
| 502 | _aTesis (Ing. Agr. Esp. en Parasitología Agrícola) -- UACh Departamento Parasitología Agrícola | ||
| 650 |
_afestuca rubra _9174671 |
||
| 650 |
_aMalas hierbas _x resistencia aherbicidas _9174672 |
||
| 650 |
_aPoa pratensis _9174673 |
||
| 710 |
_aUACh. Departamento Parasitología Agrícola _9164025 |
||
| 901 | _aPA TESIS 2292 | ||
| 902 | _aM | ||
| 905 | _a500220 8000000000 00 | ||
| 910 | _a | ||
| 942 | _cPARA | ||
| 942 |
_cPARA _d2 |
||
| 999 |
_c208347 _d208347 |
||